000 01565nam a22004697a 4500
001 0043906
003 KOHA_MİRAKIL
005 20260207003406.0
007 ta
008 130730b2012 tu a|||gr||||#||||0|tur |
020 _a9786051332109
040 _aTR-BiSEU
_btur
_cTR-BiSEU
_erda
041 0 _atur
044 _ctu
050 _aHD38.5
_b.L66 2012
100 1 _aLong, Douglas.
240 1 0 _ainternational logistics global supply chain management
_lTürkçe
245 1 _aUluslararası lojistik küresel tedarik zinciri yönetimi =
_binternational logistics global supply chain management/
_cDouglas Long ; Douglas Long ; çeviri - uyarlama Mehmet Tanyaş, Murat Düzgün.
250 _a2. bs.
264 1 _aAnkara :
_bNobel
_c2012
300 _aXIV, 398 sayfa :
_bresimli ;
_c24 cm.
336 _ametin
_btxt
_2rdacontent
337 _aaracısız
_bn
_2rdamedia
338 _acilt
_bnc
_2rdacarrier
490 1 _aYayın ;
_vno.
490 1 _a308.
490 1 _aİktisadi idari bilimler ;
_vnu.
490 1 _a64.
500 _aDizin var.
500 _aKaynakça var.
650 0 _aTedarik zinciri yönetimi.
_918996
650 0 _aMalların teslimi--Yönetim.
_918997
650 0 _aİş lojistiği--Yönetim.
_918998
650 0 _aSupply chain management.
_918999
650 0 _aDelivery of goods--Management.
_919000
650 0 _aBusiness logistics--Management.
_919001
830 1 _aYayın ;
_vno.
_91557
830 1 _a308.
_981867
830 1 _aİktisadi idari bilimler ;
_vnu.
_976295
830 1 _a64.
_92564
942 _2lcc
_cBK
999 _c43714
_d43714